000 00533nam a22001932 4500
001 0000005281
005 20170406120513.0
008 141210s xx 000 0 eng d
020 _c$
040 _aYour Holding Symbol
_cYour Holding Symbol
100 1 _aDonald Weaver W.
245 1 0 _aPaleogene symposium and selected technical papers.
250 _a ed.
260 _aCalifonia :
_bLong beach,
_c1975.
300 _a629 p. ;
_c cm.
504 _aindex.
650 0 _aFuture energy.
908 _a141210
999 _c5083
_d5083